Sex discrimination : employment discrimination prohibited by Title VII of the Civil Rights Act of 1964, as amended, and the Equal Pay Act of 1963.

Bibliographic Details
Format: Government Document eBook
Language:English
Published: [Washington, District of Columbia] : United States Equal Employment Opportunity Commission Technical Assistance Program, [1998]
Edition:[Revised].
Series:Women and the law.
Civil rights and social justice.
Subjects:
Online Access:Connect to the full text of this electronic book

MARC

Tag First Indicator Second Indicator Subfields
LEADER 00000cam a2200000 i 4500
001 in00004398261
005 20210422112016.0
006 m fo d f
007 cr bn nnnauuuu
008 160724s1998 dcu ob f000 0 eng d
035 |a ccn00769861 
040 |a NjRocCCS  |b eng  |e rda  |c NjRocCCS  |d UtOrBLW 
043 |a n-us--- 
050 4 |a KF3467  |b .S467 1998 
086 0 |a Y 3.EQ 2:2 D 63/9/998 
245 0 0 |a Sex discrimination :  |b employment discrimination prohibited by Title VII of the Civil Rights Act of 1964, as amended, and the Equal Pay Act of 1963. 
246 3 0 |a Employment discrimination prohibited by Title VII of the Civil Rights Act of 1964, as amended, and the Equal Pay Act of 1963 
250 |a [Revised]. 
264 1 |a [Washington, District of Columbia] :  |b United States Equal Employment Opportunity Commission Technical Assistance Program,  |c [1998] 
264 2 |a [Getzville, New York] :  |b William S. Hein and Company,  |c [2016] 
300 |a 1 online resource (1 volume (various pagings)). 
336 |a text  |b txt  |2 rdacontent 
337 |a computer  |b c  |2 rdamedia 
338 |a online resource  |b cr  |2 rdacarrier 
490 0 |a HeinOnline legal classics library  |0 http://id.loc.gov/authorities/names/no94001626 
490 1 |a HeinOnline women and the law 
490 1 |a HeinOnline civil rights and social justice 
588 |a Description based on PDF title page, viewed July 24, 2016. 
504 |a Includes bibliographical references. 
650 0 |a Sex discrimination in employment  |x Law and legislation  |z United States.  |0 http://id.loc.gov/authorities/subjects/sh2008111578 
650 0 |a Sex discrimination against women  |x Law and legislation  |z United States.  |0 http://id.loc.gov/authorities/subjects/sh2008111579 
650 0 |a Sexual harassment of women  |x Law and legislation  |z United States.  |0 http://id.loc.gov/authorities/subjects/sh2008111580 
650 0 |a Equal pay for equal work  |x Law and legislation  |z United States. 
655 7 |a Electronic books.  |2 local 
710 1 |a United States.  |b Equal Employment Opportunity Commission,  |e issuing body.  |0 http://id.loc.gov/authorities/names/n79060781 
776 0 8 |c Original  |w (DLC) 98164096 
830 0 |a Women and the law. 
830 0 |a Civil rights and social justice. 
856 4 0 |u http://proxy.library.tamu.edu/login?url=https://www.heinonline.org/HOL/Page?handle=hein.beal/scdisem0001&id=1&size=2&collection=civil&index=civil  |z Connect to the full text of this electronic book  |t 0 
949 |a KF 3467 .S467 1998  |w LC  |c 1  |i 769861-1001  |d 9/14/2020  |l MAIN  |m HEN  |q 2  |r Y  |s Y  |t WEB  |u 7/24/2016  |x ENG  |z N-US 
999 f f |s f4c1c786-5962-3586-9d66-9ed37ff8a007  |i 0a416b11-5f43-38e8-bc20-e39b6f115255  |t 0 
952 f f |a Texas A&M University  |b College Station  |c Electronic Resources  |d Available Online  |t 0  |e KF3467 .S467 1998  |h Library of Congress classification 
998 f f |a KF3467 .S467 1998  |t 0  |l Available Online